Представление документа в формате RUSMARC

ПолеНазваниеЗначение
  Тип записи a
  Библиографический уровень m
001 Контрольный номер 861cfb490bbb424aab6d54d4e0112442
005 Дата корректировки 20220117092143.5
010 Индекс ISBN __
a ISBN 978-5-222-33403-4
d Цена 736,00
101 Язык документа 0_
a Язык текста rus
102 Страна публикации __
a Страна публикации RU
200 Заглавие и сведения об ответственности 1_
a Заглавие Бухгалтерский учет
b Общее обозначение материала Текст
e Сведения, относящиеся к заглавию учебник
f Первые сведения об ответственности Богаченко В. М.
210 Выходные данные 1_
a Место издания Ростов н/Д
c Издательство Феникс
d Дата издания 2020
215 Физическое описание __
a Объем 538, [1]с
225 Серия 2_
a Серия Среднее профессиональное образование
610 Ключевые слова 0_
a Ключевые слова теория бухгалтерского учета
a Ключевые слова учет кассовых операций
a Ключевые слова учет расчетов
a Ключевые слова учет основных средств
686 Индексы других классификаций __
a Классификационный индекс 65.052
700 Автор _1
a Фамилия Богаченко В. М.
801 Источник записи _0
a Страна RU
b Организация РУК
g Правила каталогизации PSBO
801 Источник записи _1
a Страна RU
b Организация РУК
g Правила каталогизации PSBO
852 Данные о местонахождении __
i Авторский знак Б 73
j Шифр хранения 65.052
901 Тип документа __
t Тип документа m
937 Технологическая информация __
a Создатель записи (имя) Носкова
938 Служебная информация __
a Название организации Саранский филиал
952 Тип литературы __
b Гриф литературы для ВШ гриф МО
c Вид литературы учебник